000 00286nam a22001337a 4500
008 170418b xxu||||| |||| 00| 0 eng d
020 _a0061406910
041 _aeng
080 _23 ED
_a579
100 _a11
101 _aSHM
245 _aMICROBIOLOGY
_cDAVIS.B.D
942 _2udc
_cBK
999 _c10966
_d10966